LEADER 00972nam0-22003731i-4500 001 990003286900403321 005 20170202124411.0 035 $a000328690 035 $aFED01000328690 035 $a(Aleph)000328690FED01 035 $a000328690 100 $a20030910d1930--------y0itay50------b 101 0 $aita 105 $aa---y-------- 200 1 $a<>Albania$fRoberto Almagią 210 $aRoma$cCremonese$d1930 215 $a291 p.$cill.$d17 cm 225 1 $aCollezione Omnia$v22 610 0 $aEconomia; Clima 610 0 $aAlbania 610 0 $aStudio del suolo 676 $a021.034 700 1$aAlmagią,$bRoberto$f<1884-1962>$04190 801 0$aIT$bUNINA$gRICA$2UNIMARC 901 $aBK 912 $a990003286900403321 952 $a021.034.ALM$b11326$fDECGE 952 $aH-05-037$bIst. 2449$fILFGE 952 $aLA5/25$bs.i.$fDINGE 959 $aDECGE 959 $aILFGE 959 $aDINGE 996 $aAlbania$9445754 997 $aUNINA LEADER 01684nam--2200493---450- 001 990000473540203316 005 20090824153609.0 010 $a88-387-1985-3 035 $a0047354 035 $aUSA010047354 035 $a(ALEPH)000047354USA01 035 $a0047354 100 $a20010528d2001----km-y0itay0103----ba 101 0 $aita 102 $aIT 105 $a||||||||001yy 200 1 $a<> piano esecutivo di gestione$eprincipi, metodologie e procedure per la direzione dell'ente locale$fGianluca Morri, Stefano Foschi, Stefania Tagliabue 210 $aRimini$cMaggioli$dcopyr. 2001 215 $a353 p.$d25 cm$e1 CD-Rom 225 2 $aProgetto ente locale$v124 410 0$12001$aProgetto ente locale$v124 606 $aEnti locali$xOrganizzazione 606 $aEnti locali$xGestione 676 $a352.14 700 1$aMORRI,$bGianluca$0339476 701 1$aFOSCHI,$bStefano$0497601 701 1$aTAGLIABUE,$bStefania$0422783 801 0$aIT$bsalbc$gISBD 912 $a990000473540203316 951 $a352.14 MOR 1 (IG IV 1348)$b29315 G.$c352.14 MOR 1 (IG IV)$d00073674 959 $aBK 969 $aECO 979 $aCHIARA$b40$c20010528$lUSA01$h1140 979 $aCHIARA$b40$c20010528$lUSA01$h1144 979 $aCHIARA$b40$c20010528$lUSA01$h1146 979 $aCHIARA$b40$c20010528$lUSA01$h1343 979 $aCHIARA$b40$c20010530$lUSA01$h1117 979 $aCHIARA$b40$c20010530$lUSA01$h1117 979 $c20020403$lUSA01$h1656 979 $aPATRY$b90$c20040406$lUSA01$h1633 979 $aRSIAV4$b90$c20090824$lUSA01$h1535 979 $aRSIAV4$b90$c20090824$lUSA01$h1536 996 $aPiano esecutivo di gestione$9888943 997 $aUNISA